| 000 | 00403nam a2200169Ia 4500 | ||
|---|---|---|---|
| 008 | 110201s9999 xx 000 0 und d | ||
| 082 |
_bB6389 _aBAL 1668 |
||
| 100 | _aEnid Blyton | ||
| 245 | _aThe Famoas Five | ||
| 260 | _bA division of Hodden Pde | ||
| 365 | _b40 | ||
| 600 | _aEnid Blyton | ||
| 630 | _aThe Famoas Five | ||
| 700 | _aEnid Blyton | ||
| 730 | _aThe Famoas Five | ||
| 942 | _cBOOK | ||
| 999 |
_c832055 _d832052 |
||